Reestructuración de una unidad manejadora para diodo láser
Salvato in:
| Autore principale: | |
|---|---|
| Natura: | Libro |
| Pubblicazione: |
San José, C.R.
1999
|
| Soggetti: | |
| Tags: |
Aggiungi Tag
Nessun Tag, puoi essere il primo ad aggiungerne!!
|
MARC
| LEADER | 00000nam a2200000Ia 4500 | ||
|---|---|---|---|
| 003 | 007976 | ||
| 005 | 20221231144218.0 | ||
| 008 | 140114s1999 cr a m 000 ||s d | ||
| 040 | |c cru CEDI | ||
| 090 | |a TFG 3991 | ||
| 100 | |a Espinoza Carvajal, Geovanny |9 8754 | ||
| 245 | |a Reestructuración de una unidad manejadora para diodo láser | ||
| 260 | |c 1999 |a San José, C.R. | ||
| 300 | |a xi, 77 hojas : ilustraciones | ||
| 500 | |a Proyecto de graduación (bachillerato en ingeniería eléctrica)--Universidad de Costa Rica. Facultad de Ingeniería. Escuela de Ingeniería Eléctrica | ||
| 650 | |x DIODOS |x RAYOS LASERS |x OPTOELECTRONICA |9 8755 | ||
| 942 | |c TFG | ||
| 999 | |c 18520 |d 18520 | ||
